Data- Tainy - Estadísticas

Estadísticas generales
  • Esta prueba ha sido intentada 247 veces
  • La puntuación promedio es 17 de 20
Estadísticas de respuestas
Ft Cancion % Correcto
Arcangel, Myke Towers, Jhayco, Arca, Omar Courtz, (Bad Bunny) Pasiempre
99%
Jhayco Fantasma | AVC
96%
Young MIko, J Balvin, Jowell & Randy Colmillo
95%
Bad Bunny Mojabi Ghost
95%
Álvaro Diaz Paranormal
94%
Sech, E.VAX 11 y Once
91%
Bad Bunny, Julieta Venegas Lo siento BB
91%
Myke Towers Obstáculo
91%
Mora, Zion Buenos Aires
89%
Rauw Alejandro Sci-fi
88%
Skrillex, Four Tet, Rauw Alejandro Volver
88%
Ozuna En visto
86%
Wisin & Yandel Todavía
83%
Chencho Corleone Corleone interlude
82%
Daddy Yankee, Feid, Sech La Baby
82%
Young Miko, The Marias mañana
82%
Arcángel Me jodi...
79%
Kris Floyd, Judeline Si preguntas por mi
77%
Kany García desde las 10 (Kany's interlude)
72%
Xantos Sacrificio
72%
No se encontraron pruebas coincidentes
Distribución de puntuación
Porcentaje de gente con cada puntuación
Porcentaje por número respondido
Historial de tus puntuaciones
No has intentado esta prueba.